| 000 | 01222nam a2200289 a 4500 | ||
|---|---|---|---|
| 005 | 20260112063235.0 | ||
| 020 | _a9781412928991 (hbk. : 3 vol. set) | ||
| 020 | _a1412928990 | ||
| 020 | _a9781412928991 | ||
| 039 |
_a200908050125 _bstaff _y 200908050124 _z staff |
||
| 082 |
_a658.4 _bCLA |
||
| 245 |
_aCorporate governance and globalization / _cedited by Thomas Clarke and Marie dela Rama. |
||
| 260 |
_aLondon ; Thousand Oaks : _bSAGE, _c2006. |
||
| 300 |
_a3 v. : _bill. ; _c24 cm. |
||
| 440 | _aContemporary issues in business and globalization | ||
| 504 | _aIncludes bibliographical references. | ||
| 505 | _av. 1. Ownership and control -- v. 2. Development and regulation -- v. 3. Convergence and diversity. | ||
| 650 | _aCorporate governance. | ||
| 650 | _aGlobalization. | ||
| 700 |
_aClarke, Thomas, _d 1950- |
||
| 700 | _aRama, Marie dela. | ||
| 856 |
_Publisher description _u http://www.loc.gov/catdir/enhancements/fy0708/2005938885-d.html |
||
| 856 |
_Table of contents only _u http://www.loc.gov/catdir/enhancements/fy0708/2005938885-t.html |
||
| 991 | _aVIRTUA40 | ||
| 991 | _aVTLSSORT0080*0200*0201*0202*0820*2450*2600*3000*4400*5040*5050*6500*6501*7000*7001*8560*8561*9991 | ||
| 909 | _a1276 | ||
| 999 |
_c1259 _d1259 |
||